| 000 | 01400 a2200229 4500 | ||
|---|---|---|---|
| 003 | Nust | ||
| 005 | 20221026143039.0 | ||
| 020 | _a0-07-020975-8 | ||
| 022 | _a0070209758 | ||
| 040 | _cNust | ||
| 082 | 0 | 4 | _a621.3092,STA |
| 100 |
_aDonald G. Fink, editor, H. Wayne Beaty, editor _9101446 |
||
| 245 | 0 | 0 |
_aStandard handbook for electrical engineers / _cDonald G. Fink, editor, H. Wayne Beaty, editor |
| 250 | _a13th. ed. | ||
| 260 |
_aNew York : _bMcGraw-Hill, _c1987 |
||
| 300 |
_axvi, 2210 s. med var. pag. : _bdiagr., ill., tab. |
||
| 505 | _aSECTION 1: Units, Symbols, Constants, Definitions, and Conversion factors (Page-1-1), SECTION 2: Electric and Magnetic Circuits (Page-2-1), SECTION-3: Measurements and Instruments (Page-3-1), SECTION 4: Properties of Materials (Page-4-1), SECTION-5: Generation (Page-5-1), SECTION 6: Prime Movers (Page-6-1), SECTION-7: Alternating Current Generators (Page-7-1), , SECTION 8: Direct Current Generators (Page-8-1), SECTION 9: Hydro electronic Power Generation (Page-9-1), SECTION 10: Power System Components (Page-10-1), SECTION 11: Alternate Sources and Converters of Power (Page-11-1), SECTION 12: Economics of Bulk Electric Power Supply (Page-12-1), SECTION 13: Project Economics (Page-13-1). | ||
| 650 | 4 | _aTelecommunication Engineering. | |
| 700 | 1 |
_aBeaty, H. Wayne _4oth _9101447 |
|
| 700 | 1 |
_aFink, Donald G. _4oth _941620 |
|
| 942 |
_cREF _2ddc |
||
| 999 |
_c193465 _d193465 |
||